Guess the Country: Where is This Animal Native To? - Statistics

General Stats
  • This quiz has been taken 43 times
  • The average score is 9 of 15
Answer Stats
Hint Answer % Correct
Koala Australia
100%
Bengal Tiger Bangladesh | India | Nepal | Bhutan
86%
Polar Bear Canada | Russia
78%
Red Panda China | Nepal | Bhutan
78%
African Lion South Africa | Tanzania
75%
Jaguar Brazil
72%
Komodo Dragon Indonesia
69%
Mammoth Russia | Canada
69%
King Cobra India
64%
Grey Squirrel United States of America
58%
Dodo Mauritius
44%
Bactrian Camel China | Mongolia
42%
Donkey Egypt
28%
Frog France
17%
Sheep Iran
17%
No matching quizzes found
Score Distribution
Percent of People with Each Score
Percentile by Number Answered
Your Score History
You have not taken this quiz